SerVermont : the little initiative that could (Record no. 76826)

MARC details
000 -CABECERA
campo de control de longitud fija 00632nam a2200229 a 4500
005 - FECHA Y HORA DE LA ÚLTIMA TRANSACCIÓN
campo de control 20210219153433.0
008 - ELEMENTOS DE LONGITUD FIJA--INFORMACIÓN GENERAL
campo de control de longitud fija 991125n 000 0 u
035 ## - NÚMERO DE CONTROL DEL SISTEMA
Número de control de sistema UPN01000099670
100 ## - ASIENTO PRINCIPAL--NOMBRE PERSONAL
Nombre de persona Parsons, Cynthia
222 ## - TÍTULO CLAVE
Título clave PHI DELTA KAPPAN
245 ## - MENCIÓN DE TÍTULO
Título SerVermont : the little initiative that could
300 ## - DESCRIPCIÓN FÍSICA
Extensión 768-770
362 ## - FECHAS DE PUBLICACIÓN Y/O DESIGNACIÓN SECUENCIAL
Fecha de publicación y/o designación secuencial 72, No. 10, 1991
505 ## - NOTA DE CONTENIDO CON FORMATO PREESTABLECIDO
Nota de contenido con formato Octubre 1991
653 0# - TERMINO DE INDIZACION - NO CONTROLADO
Término no controlado APOYO FINANCIERO PRIVADO
653 0# - TERMINO DE INDIZACION - NO CONTROLADO
Término no controlado ESTUDIANTES VOLUNTARIOS
653 0# - TERMINO DE INDIZACION - NO CONTROLADO
Término no controlado PROGRAMAS COMUNITARIOS
653 0# - TERMINO DE INDIZACION - NO CONTROLADO
Término no controlado PROGRAMAS COOPERATIVOS
653 0# - TERMINO DE INDIZACION - NO CONTROLADO
Término no controlado PROGRAMAS PARA JOVENES
904 ## - ELEMENTOS DE DATOS D LOCAL, LDD (RLIN)
a AC
b 037481
905 ## - TIPO DE MATERIAL
Tipo de material Articulo

No items available.